LIBRARY & INFORMATION CENTRE, KCAET, TAVANUR

ONLINE PUBLIC ACCESS CATALOGUE (OPAC)

Design and fabrication of low cost paddy thresher (Record no. 14062)

MARC details
000 -LEADER
fixed length control field 00425nam a22001577a 4500
003 - CONTROL NUMBER IDENTIFIER
control field OSt
088 ## - REPORT NUMBER
Report number 11
100 ## - MAIN ENTRY--AUTHOR NAME
Personal name Babu V
245 ## - TITLE STATEMENT
Title Design and fabrication of low cost paddy thresher
260 ## - PUBLICATION, DISTRIBUTION, ETC. (IMPRINT)
Place of publication Tavanur
Name of publisher Department of FPME
700 ## - ADDED ENTRY--PERSONAL NAME
Personal name Sai Sundar S
700 ## - ADDED ENTRY--PERSONAL NAME
Personal name Sunil Kumar Pandey
856 ## - ELECTRONIC LOCATION AND ACCESS
Uniform Resource Identifier https://drive.google.com/open?id=19Hh1o0_gd894l-aSBfjNcxKla0s-f9O8
942 ## - ADDED ENTRY ELEMENTS (KOHA)
Koha item type Project Report
Holdings
Collection code Home library Current library Full call number Accession Number Koha item type
Reference KAUAET KAUAET 631.3 BAB P11 Project Report
free website counter